000 00506nam a2200217Ia 4500
003 OSt
005 20220924151157.0
006 a|||||r|||| 00| 0
007 ta
008 220923b |||||||| |||| 00| 0 guj d
024 _a336520
037 _cTextual
040 _aARTS
_cARTS
_bguj
041 _2guj
_aguj
082 _a0156,2, M2
245 0 _aRamlo Robinhood
260 _c1982
650 _aGUJRATI LITERATURE
942 _h0156,2, M2
_cTEXL
_2CC
999 _c465769
_d465769